<?xml version="1.0" encoding="UTF-8"?><?xml-stylesheet type="text/xsl" href="static/style.xsl"?><OAI-PMH xmlns="http://www.openarchives.org/OAI/2.0/" xmlns:xsi="http://www.w3.org/2001/XMLSchema-instance" xsi:schemaLocation="http://www.openarchives.org/OAI/2.0/ http://www.openarchives.org/OAI/2.0/OAI-PMH.xsd"><responseDate>2026-04-17T23:14:34Z</responseDate><request verb="GetRecord" identifier="oai:riubu.ubu.es:10259/7325" metadataPrefix="marc">https://riubu.ubu.es/oai/request</request><GetRecord><record><header><identifier>oai:riubu.ubu.es:10259/7325</identifier><datestamp>2023-11-22T09:03:49Z</datestamp><setSpec>com_10259_4141</setSpec><setSpec>com_10259_5086</setSpec><setSpec>com_10259_2604</setSpec><setSpec>com_10259_4219</setSpec><setSpec>com_10259_4415</setSpec><setSpec>com_10259_3989</setSpec><setSpec>com_10259.4_106</setSpec><setSpec>com_10259_5377</setSpec><setSpec>com_10259_6688</setSpec><setSpec>com_10259_7328</setSpec><setSpec>col_10259_4142</setSpec><setSpec>col_10259_4220</setSpec><setSpec>col_10259_4416</setSpec><setSpec>col_10259_6689</setSpec><setSpec>col_10259_7329</setSpec><setSpec>col_10259_5378</setSpec></header><metadata><record xmlns="http://www.loc.gov/MARC21/slim" xmlns:doc="http://www.lyncode.com/xoai" xmlns:xsi="http://www.w3.org/2001/XMLSchema-instance" xmlns:dcterms="http://purl.org/dc/terms/" xsi:schemaLocation="http://www.loc.gov/MARC21/slim http://www.loc.gov/standards/marcxml/schema/MARC21slim.xsd">
<leader>00925njm 22002777a 4500</leader>
<datafield tag="042" ind1=" " ind2=" ">
<subfield code="a">dc</subfield>
</datafield>
<datafield tag="720" ind1=" " ind2=" ">
<subfield code="a">García Bustillo, Álvaro</subfield>
<subfield code="e">author</subfield>
</datafield>
<datafield tag="720" ind1=" " ind2=" ">
<subfield code="a">Valiñas Sieiro, Florita</subfield>
<subfield code="e">author</subfield>
</datafield>
<datafield tag="720" ind1=" " ind2=" ">
<subfield code="a">Allende-Río, Marta</subfield>
<subfield code="e">author</subfield>
</datafield>
<datafield tag="720" ind1=" " ind2=" ">
<subfield code="a">González Santos, Josefa</subfield>
<subfield code="e">author</subfield>
</datafield>
<datafield tag="720" ind1=" " ind2=" ">
<subfield code="a">Cubo Delgado, Esther</subfield>
<subfield code="e">author</subfield>
</datafield>
<datafield tag="720" ind1=" " ind2=" ">
<subfield code="a">Jahouh, Maha</subfield>
<subfield code="e">author</subfield>
</datafield>
<datafield tag="720" ind1=" " ind2=" ">
<subfield code="a">Collazo Riobó, Carla</subfield>
<subfield code="e">author</subfield>
</datafield>
<datafield tag="720" ind1=" " ind2=" ">
<subfield code="a">Simón Vicente, Lucía</subfield>
<subfield code="e">author</subfield>
</datafield>
<datafield tag="720" ind1=" " ind2=" ">
<subfield code="a">Rivadeneyra Posadas, Jéssica Jannett</subfield>
<subfield code="e">author</subfield>
</datafield>
<datafield tag="720" ind1=" " ind2=" ">
<subfield code="a">González Bernal, Jerónimo</subfield>
<subfield code="e">author</subfield>
</datafield>
<datafield tag="720" ind1=" " ind2=" ">
<subfield code="a">Ramírez Sanz, José Miguel</subfield>
<subfield code="e">author</subfield>
</datafield>
<datafield tag="720" ind1=" " ind2=" ">
<subfield code="a">Garrido Labrador, José Luis</subfield>
<subfield code="e">author</subfield>
</datafield>
<datafield tag="720" ind1=" " ind2=" ">
<subfield code="a">Olivares Gil, Alicia</subfield>
<subfield code="e">author</subfield>
</datafield>
<datafield tag="720" ind1=" " ind2=" ">
<subfield code="a">Arnaiz González, Álvar</subfield>
<subfield code="e">author</subfield>
</datafield>
<datafield tag="720" ind1=" " ind2=" ">
<subfield code="a">Diez Pastor, José Francisco</subfield>
<subfield code="e">author</subfield>
</datafield>
<datafield tag="720" ind1=" " ind2=" ">
<subfield code="a">Trejo Gabriel y Galán, José Mª</subfield>
<subfield code="e">author</subfield>
</datafield>
<datafield tag="260" ind1=" " ind2=" ">
<subfield code="c">2022-09</subfield>
</datafield>
<datafield tag="520" ind1=" " ind2=" ">
<subfield code="a">Gait abnormalities are a hallmark of Parkinson’s disease and contribute to falling risk.&#xd;
As disease symptoms progress, assistive devices are often prescribed. However, there are no guidelines for&#xd;
choosing appropriate ambulatory devices for gait impairment.</subfield>
</datafield>
<datafield tag="024" ind2=" " ind1="8">
<subfield code="a">2330-1619</subfield>
</datafield>
<datafield tag="024" ind2=" " ind1="8">
<subfield code="a">http://hdl.handle.net/10259/7325</subfield>
</datafield>
<datafield tag="024" ind2=" " ind1="8">
<subfield code="a">10.1002/mdc3.13568</subfield>
</datafield>
<datafield tag="024" ind2=" " ind1="8">
<subfield code="a">2330-1619</subfield>
</datafield>
<datafield ind1=" " ind2=" " tag="653">
<subfield code="a">Parkinson’s disease</subfield>
</datafield>
<datafield ind1=" " ind2=" " tag="653">
<subfield code="a">Self-help devices</subfield>
</datafield>
<datafield ind1=" " ind2=" " tag="653">
<subfield code="a">Canes</subfield>
</datafield>
<datafield ind1=" " ind2=" " tag="653">
<subfield code="a">Walkers</subfield>
</datafield>
<datafield ind1=" " ind2=" " tag="653">
<subfield code="a">Gait disorders</subfield>
</datafield>
<datafield tag="245" ind1="0" ind2="0">
<subfield code="a">Assistive Devices for Personal Mobility in Parkinson's Disease: A Systematic Review of the Literature</subfield>
</datafield>
</record></metadata></record></GetRecord></OAI-PMH>